| 000 | 00708nam a2200205 a 4500 | ||
|---|---|---|---|
| 001 | 000664511 | ||
| 003 | AM-YeHGA | ||
| 005 | 20250617141718.0 | ||
| 008 | 090605s1964 ||| r 000 0 rus d | ||
| 040 | _aAM-YeHGA | ||
| 041 | 0 | _arus | |
| 100 | 1 | _aКанаев, Никита Петрович | |
| 245 | 1 | 0 |
_aТворчество Н.Е. Мординова / _cН.П. Канаев. |
| 260 |
_aЯкутск : _bЯкутск. кн. изд-во, _c1964. |
||
| 300 |
_a176 с. : _bпортр. |
||
| 504 | _aБиблиогр.: с.174-176 | ||
| 600 | 1 | 4 | _aМординов, Николай Егорович |
| 653 | 0 | _aРусские советские писатели - Биографии | |
| 090 | _c245422 | ||
| 999 |
_c243838 _d243838 |
||